5 to 1: North American Countries Quiz Stats

 Plays Quiz Updated Nov 21, 2017

Also try: 5 to 1: Colors
Challenge
Share
Tweet
Embed
Score 0/15 Timer 03:00
112 Plays Today
% Correct
Nicaragua
91.1%
Panama
90.9%
El Salvador
90.9%
Honduras
88.6%
Costa Rica
88.2%
Canada
83.8%
Saint Lucia
77.6%
Barbados
76.4%
% Correct
Grenada
74.6%
Dominica
71.1%
Cuba
70.2%
Jamaica
66.2%
Mexico
64.7%
Haiti
59.6%
Bahamas
53.2%

You're not logged in!

Compare scores with friends on all Sporcle quizzes.
Join for Free
OR
Log In

You Might Also Like...

Show Comments

Extras

Top Quizzes Today


Score Distribution

Your Account Isn't Verified!

In order to create a playlist on Sporcle, you need to verify the email address you used during registration. Go to your Sporcle Settings to finish the process.

Report this User

Report this user for behavior that violates our Community Guidelines.

Details: